<?xml version="1.0" encoding="UTF-8"?>
<record
    xmlns:xsi="http://www.w3.org/2001/XMLSchema-instance"
    xsi:schemaLocation="http://www.loc.gov/MARC21/slim http://www.loc.gov/standards/marcxml/schema/MARC21slim.xsd"
    xmlns="http://www.loc.gov/MARC21/slim">

  <leader>00755nam a2200217 i 4500</leader>
  <controlfield tag="001">182804</controlfield>
  <controlfield tag="003">ES-MaACL</controlfield>
  <controlfield tag="005">20230906221721.0</controlfield>
  <controlfield tag="008">131106s1986    sp |         |||| ||spa d</controlfield>
  <datafield tag="080" ind1=" " ind2=" ">
    <subfield code="a">92 Morales Oliver, Luis:061.75</subfield>
  </datafield>
  <datafield tag="080" ind1=" " ind2=" ">
    <subfield code="a">061.75:92 Morales Oliver, Luis</subfield>
  </datafield>
  <datafield tag="100" ind1="1" ind2=" ">
    <subfield code="a">Escolar Sobrino, Hip&#xF3;lito.</subfield>
    <subfield code="9">47607</subfield>
  </datafield>
  <datafield tag="245" ind1="1" ind2="0">
    <subfield code="a">Homenaje a D. Luis Morales Oliver / </subfield>
    <subfield code="c">Hip&#xF3;lito Escolar.</subfield>
  </datafield>
  <datafield tag="260" ind1=" " ind2=" ">
    <subfield code="a">Madrid : </subfield>
    <subfield code="b">Fundaci&#xF3;n Universitaria Espa&#xF1;ola, </subfield>
    <subfield code="c">1986.</subfield>
  </datafield>
  <datafield tag="300" ind1=" " ind2=" ">
    <subfield code="a">p. 57-62 ; </subfield>
    <subfield code="c">24 cm.</subfield>
  </datafield>
  <datafield tag="534" ind1=" " ind2=" ">
    <subfield code="p">"Separata homenaje a Luis Morales Oliver"</subfield>
  </datafield>
  <datafield tag="600" ind1="1" ind2="7">
    <subfield code="a">Morales Oliver, Luis,</subfield>
    <subfield code="d">1895-1982</subfield>
    <subfield code="2">embne</subfield>
    <subfield code="9">83063</subfield>
  </datafield>
  <datafield tag="710" ind1="2" ind2=" ">
    <subfield code="a">Fundaci&#xF3;n Universitaria Espa&#xF1;ola.</subfield>
    <subfield code="9">4426</subfield>
  </datafield>
  <datafield tag="852" ind1=" " ind2=" ">
    <subfield code="a">ES-MaACL</subfield>
    <subfield code="j">2329-F-15</subfield>
  </datafield>
  <datafield tag="999" ind1=" " ind2=" ">
    <subfield code="c">182804</subfield>
    <subfield code="d">182804</subfield>
  </datafield>
  <datafield tag="952" ind1=" " ind2=" ">
    <subfield code="0">0</subfield>
    <subfield code="1">0</subfield>
    <subfield code="4">0</subfield>
    <subfield code="7">0</subfield>
    <subfield code="8">Colecci&#xF3;n_de_folletos</subfield>
    <subfield code="a">ATENEOM</subfield>
    <subfield code="b">ATENEOM</subfield>
    <subfield code="c">DEPOF</subfield>
    <subfield code="d">2013-11-06</subfield>
    <subfield code="e">DON</subfield>
    <subfield code="l">0</subfield>
    <subfield code="o">2329-F-15</subfield>
    <subfield code="p">1192119</subfield>
    <subfield code="r">2023-02-23 00:00:00</subfield>
    <subfield code="w">2023-02-23</subfield>
    <subfield code="y">FOLLETOS</subfield>
  </datafield>
</record>
